00409nam a2200157Ia 45000010006000000050017000060080041000230410008000640820016000721000037000882450073001252600009001983000028002076500008002356540008002432424120260414151030.0260414t2017||||xx |||||||||||||| ||spa|| aESP a345.2bA67C aArbulú Martínez, VictoreAUT 0aComparecencia restringida :bcriterios para su adecuada aplicación c2017 a141 páginas :c24 cm. aDER aCDE